Sports Quiz

Random Sports or Football Quiz

Pro Football Hall of Fame Alma Maters Quiz Stats

 Plays Quiz not verified by Sporcle

Score 0/30 Timer 08:00
0 Plays Today
Hall of Famer Alma Mater % Correct
Michael IrvinMiami (FL)
91%
Steve YoungBrigham Young
85.1%
Ronnie LottSouthern California
70.7%
Anthony MuñozSouthern California
69.7%
Thurman ThomasOklahoma State
68.6%
Bob GriesePurdue
63.3%
Jerry RiceMississippi Valley State
62.8%
Doak WalkerSouthern Methodist
53.2%
Johnny UnitasLouisville
50%
Mike DitkaPittsburgh
47.3%
Dan DierdorfMichigan
39.4%
John RigginsKansas
28.7%
Nick BuonicontiNotre Dame
22.3%
George BlandaKentucky
21.8%
Art MonkSyracuse
19.1%
Hall of Famer Alma Mater % Correct
Sam HuffWest Virginia
18.1%
Mike MunchakPenn State
16%
Jack YoungbloodFlorida
13.3%
Norm Van BrocklinOregon
12.8%
Paul KrauseIowa
12.2%
Rickey JacksonPittsburgh
10.6%
Mike HaynesArizona State
10.1%
Jimmy JohnsonUCLA
9.6%
Mel BlountSouthern University
9%
Raymond BerrySouthern Methodist
9%
Roger WehrliMissouri
9%
Charlie SandersMinnesota
8.5%
Harry CarsonSouth Carolina State
4.8%
Andy RobustelliArnold College
3.7%
Ken HoustonPrairie View A&M
3.7%

You're not logged in!

Compare scores with friends on all Sporcle quizzes.
OR
Log In

Show Comments

Extras

Top Quizzes Today


Score Distribution

Your Account Isn't Verified!

In order to create a playlist on Sporcle, you need to verify the email address you used during registration. Go to your Sporcle Settings to finish the process.

Report this User

Report this user for behavior that violates our Community Guidelines.

Details: